Introduction à l'économie générale de l'eau / (Record no. 14115)

000 -LEADER
fixed length control field 00504cam a2200181 a 4500
020 ## - INTERNATIONAL STANDARD BOOK NUMBER
ISBN 2225784639 :
040 ## - CATALOGING SOURCE
Transcribing agency DLC
082 00 - DEWEY DECIMAL CLASSIFICATION NUMBER
Classification number 333 MAS 1983 A065 Or.
100 2# - MAIN ENTRY--AUTHOR NAME
Personal name Erhard-Cassegrain, Annie.
245 10 - TITLE STATEMENT
Title Introduction à l'économie générale de l'eau /
260 ## - PUBLICATION, DISTRIBUTION, ETC. (IMPRINT)
Place of publication Paris ;
-- New York :
Name of publisher Masson,
Year of publication 1983.
300 ## - PHYSICAL DESCRIPTION
Number of Pages xii, 361 p. :
Other physical details ill. ;
Dimensions 25 cm.
500 ## - GENERAL NOTE
General note Includes index.
650 #0 - SUBJECT ADDED ENTRY--TOPICAL TERM
Topical Term Water-supply
650 #0 - SUBJECT ADDED ENTRY--TOPICAL TERM
Topical Term Water resources development
700 1# - ADDED ENTRY--PERSONAL NAME
Personal name Margat, Jean F.
942 ## - ADDED ENTRY ELEMENTS (KOHA)
Koha item type សៀវភៅភាសាបារាំង
952 ## - LOCATION AND ITEM INFORMATION (KOHA)
Withdrawn status [LOCAL, KOHA] 0
952 ## - LOCATION AND ITEM INFORMATION (KOHA)
Withdrawn status [LOCAL, KOHA] 0
Holdings
Permanent Location Date acquired Koha item type Lost status Shelving location Barcode Current Location Full call number
Library Block A2017-10-06សៀវភៅភាសាបារាំង A065A20795Library Block A333 MAS 1983 A065 Or.
Library Block A2017-10-06សៀវភៅភាសាបារាំង A065A22002Library Block A333 MAS 1983 A065 Or.
មជ្ឈមណ្ឌលឯការនៃសាកលវិទ្យាល័យភូមិន្ទកសិកម្មចំការដូង

Powered by Koha